000 01060cam a2200289 i 4500
001 18986471
003 AUA.1
005 20251123082013.0
008 160223t20162016miu b 001 0 eng
010 _a 2016006541
020 _a9780801049392
_qpbk. : alk. paper
035 _a18986471
040 _aDLC
_beng
_cDLC
_erda
_dDLC
042 _apcc
050 0 0 _aBS476
_b.S753 2016
082 0 0 _a220.601
_223
100 1 _aStarling, David Ian,
_eauthor.
245 1 0 _aHermeneutics as apprenticeship :
_bhow the Bible shapes our interpretive habits and practices /
_cDavid I. Starling.
260 _aGrand Rapids, MI :
_bBaker Academic;
_cc2016.
300 _axvi, 240 pages ;
_c22 cm
504 _aIncludes bibliographical references (pages 207-222) and index.
630 0 0 _aBible
_xHermeneutics.
630 0 0 _aBible
_xInfluence.
_946771
906 _a7
_bcbc
_corignew
_d1
_eecip
_f20
_gy-gencatlg
942 _2lcc
_cBOOK
_hBS 476
_i.S753 2016
999 _c25294
_d25294